000 00265nam a22001217a 4500
008 180125b xxu||||| |||| 00| 0 eng d
041 _aeng
080 _a615.83
100 _a8
101 _aekz
245 _afitness the new wave
_croberta.s
942 _2udc
_cBK
999 _c40964
_d40964